[Event "TCh-AUT 2 East 2012-13"]
[Site "Austria AUT"]
[Date "2012.10.07"]
[Round "2.2"]
[White "Pinter,E"]
[Black "Petran,Pe"]
[Result "1/2-1/2"]
[WhiteElo "2379"]
[BlackElo "2277"]

1.e4 g6 2.d4 Bg7 3.Nc3 c6 4.Nf3 d6 5.Be2 Nf6 6.O-O O-O 7.Re1 Bg4 8.Be3 Nbd7
9.a4 Rc8 10.h3 Bxf3 11.Bxf3 Qa5 12.Qd2 Rfd8 13.Nb1 Qxd2 14.Nxd2 d5 15.c3 dxe4
16.Nxe4 Nxe4 17.Bxe4 Nf6 18.Bf3 e6 19.Bf4 Nd5 20.Be5 Bh6 21.a5 Rd7 22.Ra3 Bf8
23.Ra4 Rcd8 24.Rc4 a6 25.Ra4 Bg7 26.Bxg7 Kxg7 27.Ra3 g5 28.Rb3 h6 29.g3 Rc7
30.Kg2 Re7 31.Rh1 f5 32.Re1 Nf6 33.Re5 Kf7 34.Ra3 Nd7 35.Re1 Kf6 36.Rb3 Nf8
37.Bh5 Rd5 38.Ra3 e5 39.dxe5+ Rexe5 40.Rxe5 Kxe5 41.c4 Rd7 42.Re3+ Kf6 43.Re8 Ne6
44.Rh8 Kg7 45.Rb8 Nc5 46.b4 Nd3 47.b5 axb5 48.cxb5 cxb5 49.Be8 Rc7 50.Bxb5 Nc5
51.Bc4 Nd7 52.Rd8 Ne5 53.Bd5 Rc5 54.Bxb7 Rxa5 55.Rd5  1/2-1/2

[Event "Florence Move 2012"]
[Site "Florence ITA"]
[Date "2012.10.07"]
[Round "4.4"]
[White "Drei,A"]
[Black "Efimov,Ig"]
[Result "1-0"]
[WhiteElo "2267"]
[BlackElo "2420"]

1.e4 g6 2.d4 Bg7 3.Nc3 c6 4.Bc4 b5 5.Bb3 a5 6.a4 b4 7.Qf3 e6 8.Nce2 d6 9.h4 h6
10.Bf4 Ba6 11.O-O-O Ra7 12.Qe3 Re7 13.Nf3 Nf6 14.Ng3 Ng4 15.Qd2 Qc7 16.Nf1 e5
17.Bg3 h5 18.Kb1 Bh6 19.Ng5 c5 20.dxc5 dxc5 21.Bxf7+ Rxf7 22.Qd8+ Qxd8 23.Rxd8+ Kxd8
24.Nxf7+ Ke7 25.Nxh8 Nc6 26.f3 Bxf1 27.fxg4 Bxg2 28.Nxg6+ Kf6 29.Rg1 Bxe4
30.Nxe5 Bd2 31.Rd1 b3 32.Rxd2 bxc2+ 33.Kc1 Nb4 34.Rf2+ Ke6 35.Kd2 hxg4 36.Rf1 Kd5
37.Nxg4 Kc4 38.Rf4 Kb3 39.Rxe4 Nd3 40.Rc4  1-0

[Event "TCh-ROU League A 2012"]
[Site "Olanesti ROU"]
[Date "2012.10.12"]
[Round "7.4"]
[White "Dicu,R"]
[Black "Lupu,O"]
[Result "0-1"]
[WhiteElo "2232"]
[BlackElo "2284"]

1.e4 g6 2.d4 Bg7 3.Nc3 c6 4.f4 d5 5.e5 Nh6 6.Nf3 Bg4 7.h3 Bxf3 8.Qxf3 Nf5
9.Be3 h5 10.Bf2 h4 11.Bd3 e6 12.Ne2 Qa5+ 13.c3 Nd7 14.O-O Bf8 15.a4 Be7 16.Kh2 Qc7
17.Rfc1 a6 18.a5 Kf8 19.b3 Kg7 20.c4 Qd8 21.Be1 Nb8 22.Bc3 Nd7 23.Qf2 f6
24.cxd5 cxd5 25.b4 fxe5 26.fxe5 Bg5 27.Nf4 Bxf4+ 28.Qxf4 Nb8 29.b5 axb5 30.Bxb5 Na6
31.Rab1 Rc8 32.Bxa6 bxa6 33.Rb7+ Rc7 34.Rxc7+ Qxc7 35.Bb4 Qf7 36.Rc6 Rb8
37.Bc5 Rb1 38.g4 hxg3+ 39.Kg2 Nh4+  0-1

[Event "TATA 50th ch-IND National Premier 2012"]
[Site "Kolkata IND"]
[Date "2012.10.13"]
[Round "12.3"]
[White "Gopal,G"]
[Black "Lalith,B"]
[Result "1/2-1/2"]
[WhiteElo "2544"]
[BlackElo "2540"]

1.e4 g6 2.d4 Bg7 3.Nc3 c6 4.Nf3 d6 5.Be3 Nf6 6.Qd2 Bg4 7.Bh6 Bxh6 8.Qxh6 Bxf3
9.gxf3 Nbd7 10.O-O-O Qa5 11.Qe3 O-O-O 12.Kb1 Kb8 13.f4 e6 14.Bg2 d5 15.f5 exf5
16.exf5 Qc7 17.Bh3 Rde8 18.Qd2 Nb6 19.b3 Rhg8 20.a4 g5 21.a5 Nc8 22.a6 b6
23.f3 Nh5 24.Bg4 Nf4 25.f6 h5 26.Bxc8 Qxc8 27.h4 Qf5 28.hxg5 Qxg5 29.Rh2 Qxf6
30.Rdh1 Rg5 31.Ne2 Ng6 32.f4 Rg4 33.Qd3 h4 34.f5 Nf8 35.Qf3 Qg5 36.Qf2 Qe3
37.Qxe3 Rxe3 38.Nc1 Ree4 39.Nd3 Rg5 40.Rxh4 Kc7 41.Rh8 Re8 42.f6 Rf5 43.R1h6 Rd8
44.Ne5 Ne6 45.R8h7 Ng5 46.Rg7 Rf8 47.Kb2 Ne6 48.Rgh7 Nd8 49.Rg7 Kd6 50.Rgh7 Kc7
51.b4 Kc8 52.Nd3 Kd7 53.c3 Rg8 54.Ne5+ Ke6 55.Rg7 Rf8 56.Rg2 Kd6 57.Kb3 c5
58.b5 cxd4 59.cxd4 Ne6 60.Nc6 Nc7 61.Ka4 Rf4 62.Rc2 Ne6 63.Nxa7 Rxd4+ 64.Ka3 Nc5
65.Nc6 Ra4+ 66.Kb2 d4 67.Rh3 Re8 68.a7 d3 69.Rd2 Ra8 70.Re3 R8xa7 71.Nxa7 Rxa7
72.Re8 Na4+ 73.Kb3 Nc5+ 74.Kb2 Na4+ 75.Kc1 Nc5 76.Re7 Rxe7 77.fxe7 Kxe7 78.Ra2 Kd6
79.Kd2  1/2-1/2

[Event "FSFMA1 October 2012"]
[Site "Budapest HUN"]
[Date "2012.10.14"]
[Round "8.1"]
[White "Gal,Han"]
[Black "Borda,L"]
[Result "1/2-1/2"]
[WhiteElo "2012"]
[BlackElo "2120"]

1.e4 c6 2.d4 g6 3.Nc3 Bg7 4.Nf3 d5 5.Be2 dxe4 6.Nxe4 Nd7 7.c3 Ngf6 8.Nxf6+ Nxf6
9.O-O O-O 10.Qb3 Qc7 11.h3 Nd7 12.Be3 e5 13.d5 cxd5 14.Qxd5 Re8 15.Rfd1 Nf8
16.Bb5 Be6 17.Qd6 Qxd6 18.Rxd6 Rec8 19.Ng5 Bc4 20.Bxc4 Rxc4 21.Rad1 h6 22.Nf3 b6
23.a3 Re8 24.Nd2 Rc7 25.Ne4 Re6 26.R6d5 f5 27.Nd6 Rd7 28.Nb5 Rxd5 29.Rxd5 f4
30.Bc1 Re7 31.c4 Ne6 32.b4 g5 33.c5 bxc5 34.bxc5 a6 35.Nc3 Rc7 36.Ne4 Bf8
37.Rxe5 Nxc5 38.Nxc5 Bxc5 39.Bb2  1/2-1/2

[Event "NIT Nagpur GM Open 2012"]
[Site "Nagpur IND"]
[Date "2012.10.19"]
[Round "6.10"]
[White "Minhazuddin,A"]
[Black "Lalith,B"]
[Result "0-1"]
[WhiteElo "2407"]
[BlackElo "2540"]

1.e4 g6 2.d4 Bg7 3.Nc3 c6 4.Nf3 d6 5.Be2 Bg4 6.Be3 Nf6 7.h3 Bxf3 8.Bxf3 Nbd7
9.Qd2 e6 10.g3 d5 11.e5 Ng8 12.Ne2 Ne7 13.g4 c5 14.c3 Nc6 15.Kf1 O-O 16.Nf4 Qc7
17.Kg2 Rad8 18.Qe2 Nb6 19.b3 Qe7 20.Nd3 cxd4 21.Bxd4 Nd7 22.Rae1 Rde8 23.h4 f6
24.exf6 Bxf6 25.Qe3 Bxd4 26.cxd4 Qf6 27.g5 Qxd4 28.h5 Rf5 29.hxg6 hxg6 30.Kg3 Qxe3
31.Rxe3 Rxg5+ 32.Kh4 Rf5 33.Bg4 Rf6 34.Kg5 Nd8 35.Ne5 Nxe5 36.Reh3 Ndf7+
37.Kxf6 Nxg4+ 38.Kxg6 Nxf2  0-1

[Event "13th Liberec Open 2012"]
[Site "Liberec CZE"]
[Date "2012.10.20"]
[Round "1"]
[White "Suchomel,T"]
[Black "Karhanek,P"]
[Result "1-0"]
[WhiteElo "1750"]
[BlackElo "2088"]

1.e4 g6 2.d4 Bg7 3.Nc3 c6 4.Be3 d5 5.e5 h5 6.f4 Nh6 7.h3 b6 8.Nf3 Ba6 9.Bxa6 Nxa6
10.Qd2 e6 11.O-O-O Nf5 12.Bf2 h4 13.Ne2 Bf8 14.g4 hxg3 15.Nxg3 Nxg3 16.Bxg3 Be7
17.c3 Qd7 18.Qe2 Qb7 19.h4 Rh5 20.Ng5 Bxg5 21.hxg5 Rxh1 22.Rxh1 O-O-O 23.Rh7 Rg8
24.f5 gxf5 25.Qh5 Qd7 26.Rxf7 Qe8 27.g6 c5 28.Qe2 Nc7 29.Qh5 Na6 30.Qh7 cxd4
31.Rxa7  1-0

[Event "Danilo Batricevic Mem Balkan GP"]
[Site "Cetinje MNE"]
[Date "2012.10.22"]
[Round "4.19"]
[White "Zivkovic,Slaven"]
[Black "Shabanaj,Saimir"]
[Result "0-1"]
[WhiteElo "1724"]
[BlackElo "2170"]

1.e4 c6 2.d4 g6 3.Nc3 Bg7 4.Nf3 d6 5.Be3 Nf6 6.Qd2 b5 7.Bd3 b4 8.Ne2 a5 9.O-O O-O
10.h3 Qc7 11.Bh6 Nbd7 12.Bxg7 Kxg7 13.Ng3 e5 14.c3 c5 15.Rac1 Qb6 16.dxe5 Nxe5
17.Nxe5 dxe5 18.Qg5 Re8 19.Nf5+ Bxf5 20.exf5 e4 21.Bc4 Re5 22.g4 Rae8 23.Qe3 gxf5
24.Qg5+ Kh8 25.Bxf7 fxg4 26.Qf4 R8e7 27.Kh1 Kg7 28.Bc4 h5 29.Rcd1 Kg6 30.Rd2 Rf5
31.Qe3 Rf3 32.Qe2 Qc7 33.Kg2 gxh3+ 34.Kh1 Ng4  0-1

[Event "NIT Nagpur GM Open 2012"]
[Site "Nagpur IND"]
[Date "2012.10.22"]
[Round "10.4"]
[White "Harutjunyan,G"]
[Black "Lalith,B"]
[Result "0-1"]
[WhiteElo "2446"]
[BlackElo "2540"]

1.e4 g6 2.d4 Bg7 3.Nc3 c6 4.Bc4 d6 5.Qf3 e6 6.Nge2 b5 7.Bd3 Nd7 8.Qg3 b4
9.Na4 e5 10.Bd2 Rb8 11.O-O Ne7 12.dxe5 Nxe5 13.f4 Nxd3 14.cxd3 f5 15.Rae1 O-O
16.b3 Ba6 17.e5 Bb5 18.Nb2 c5 19.Nc4 Bxc4 20.dxc4 dxe5 21.Be3 e4 22.Bxc5 Rb7
23.Rd1 Qa5 24.Qe3 Rc8 25.Bd4 Bxd4 26.Nxd4 Qc5 27.Kf2 Rd7 28.Nb5 Nd5 29.Qxc5 Rxc5
30.Rd4 a6 31.Rfd1 axb5 32.cxd5 Kf7 33.d6 Rc2+ 34.R1d2 Rxd2+ 35.Rxd2 Ke6 36.Rd4 Rxd6
37.Rxb4 Rd2+ 38.Kf1 Kd5 39.a4 bxa4 40.bxa4 Ra2 41.h4 Kc5 42.Rb7 Kd4 43.Rxh7 Ke3
44.Kg1 Ra1+ 45.Kh2 Kxf4 46.h5 gxh5 47.Rxh5 e3 48.g3+ Kg4 49.Rh4+ Kg5  0-1

[Event "Danilo Batricevic Mem Balkan GP"]
[Site "Cetinje MNE"]
[Date "2012.10.27"]
[Round "9.15"]
[White "Draskovic,L"]
[Black "Shabanaj,Saimir"]
[Result "1/2-1/2"]
[WhiteElo "2330"]
[BlackElo "2170"]

1.e4 c6 2.d4 g6 3.Nc3 Bg7 4.Nf3 d6 5.h3 Nf6 6.Bd3 O-O 7.O-O Re8 8.a4 a5 9.Be3 Qc7
10.Qe2 b6 11.d5 c5 12.Nd2 Ba6 13.Nb5 Bxb5 14.Bxb5 Nbd7 15.c3 e6 16.Bc6 Rad8
17.Qb5 Re7 18.Bf4 Ne5 19.Bxe5 dxe5 20.Nc4 Nxe4 21.dxe6 Nd6 22.exf7+ Rxf7
23.Nxd6 Rxd6 24.Be8 Rff6 25.Qc4+ Kh8 26.Rad1 Qe7 27.Bb5 h6 28.Qe2 Rxd1 29.Rxd1 Rd6
30.Rxd6 Qxd6 31.Bd3 h5 32.Qe4 Kh7 33.g3 Bf8 34.Qf3 Kg7 35.Kg2 Be7 36.h4 Qf6
37.Qb7 Kh6 38.Be4 Bd8 39.Bd5 Qe7 40.Qc6 Qf6 41.Qe8 Be7 42.Be4 Bd6 43.Kf1 Kg7
44.Qc6 Be7 45.Qb7 Kh6 46.Bc6 Bd8 47.Qd7 Qe7 48.Qd5 Kg7 49.Ke2 Bc7 50.Kd3 Kf6
51.Kc4 Bd6 52.Qg8 e4 53.Be8 Qg7 54.Qd5 Be5 55.Qd8+ Qe7 56.Qxe7+ Kxe7 57.Bxg6 e3
58.fxe3 Kd6 59.g4 hxg4 60.Kd3 Bg7 61.Ke4 g3 62.Kf3 Bh6 63.b3 c4 64.bxc4 g2
65.Kxg2 Bxe3 66.Kf3 Bc5 67.h5 Ke6 68.h6 Kf6 69.Bd3 Bf8 70.h7 Kg7  1/2-1/2

[Event "Vizag GM Open 2012"]
[Site "Visakhapatnam IND"]
[Date "2012.10.27"]
[Round "2.9"]
[White "Sahoo,U"]
[Black "Rahman,Zia"]
[Result "1/2-1/2"]
[WhiteElo "2242"]
[BlackElo "2502"]

1.e4 g6 2.d4 Bg7 3.Nc3 c6 4.Be3 d5 5.Nf3 Bg4 6.h3 Bxf3 7.Qxf3 Nf6 8.Bd3 dxe4
9.Nxe4 Nxe4 10.Qxe4 Nd7 11.O-O O-O 12.Rfe1 e6 13.c3 a5 14.a4 Nf6 15.Qh4 Nd5
16.Qxd8 Rfxd8 17.Bc4 Rab8 18.Kf1 Bf8 19.Ke2 Bd6 20.Kf3 Kg7 21.Bg5 Rd7 22.Bh4 h6
23.Bg3 Bxg3 24.Kxg3 Ne7 25.Kf3 Nf5 26.Re5 b6 27.Ra3 Kf6 28.Rb3 Rdd8 29.Re2 Nh4+
30.Kg3 g5 31.Ra3 Ng6 32.Ra1 h5 33.Rd2 h4+ 34.Kf3 c5 35.Rad1 Rd6 36.g3 Rbd8
37.Bd3 Ne7 38.Be4 hxg3 39.fxg3 Kg7 40.Ke3 c4 41.Rf2 f5 42.Rdf1 Rh8 43.Bg2 e5
44.dxe5 Rd3+ 45.Ke2 Rxg3 46.Rd1 f4 47.Rd7 Re3+ 48.Kf1 Rxe5 49.Rfd2 Rh6 50.Rc7 Rhe6
51.Rxc4 Nf5 52.Rc7+ Kf6 53.Rc6 Rxc6 54.Bxc6 Re3 55.Kg2 Rg3+ 56.Kh2 Ne3 57.Rf2 Ke5
58.Bf3 Kd6 59.b4 Nc4 60.bxa5 bxa5 61.h4 gxh4 62.Be2 Ne3 63.c4 Ke5 64.c5 Rg6
65.Bf3 Rg7 66.c6 Kd6 67.Kh3 Ke5 68.Kh2 Rc7 69.Rb2 Kd6 70.Rb7 Nc4 71.Kh3 Nd2
72.Bd5 f3 73.Rb2 Kxd5 74.Rxd2+ Kxc6 75.Kxh4 Rf7 76.Kg3 Kc5 77.Kf2 Rf4 78.Ke3 Rxa4
79.Kxf3 Ra1 80.Ke3 Kc4 81.Rd4+ Kc3 82.Rd3+ Kc2 83.Rd2+ Kc1 84.Rh2 Ra3+ 85.Kd4 Rg3
86.Kc4 Kb1 87.Kb5 Ra3 88.Rh4 Kb2 89.Ra4 Rxa4 90.Kxa4 Kc3 91.Kxa5  1/2-1/2

[Event "Vizag GM Open 2012"]
[Site "Visakhapatnam IND"]
[Date "2012.10.27"]
[Round "3.5"]
[White "Ramnath,B"]
[Black "Lalith,B"]
[Result "1-0"]
[WhiteElo "2359"]
[BlackElo "2540"]

1.e4 g6 2.d4 Bg7 3.Nc3 c6 4.f4 d5 5.e5 Qb6 6.Be2 Nh6 7.g4 f6 8.h3 Nf7 9.Nf3 O-O
10.Na4 Qc7 11.Be3 g5 12.exf6 exf6 13.fxg5 Nxg5 14.Nxg5 fxg5 15.Qd3 Qa5+ 16.Nc3 b5
17.h4 b4 18.hxg5 h5 19.gxh6  1-0

[Event "4th Marcel Duchamp Open"]
[Site "Buenos Aires ARG"]
[Date "2012.10.28"]
[Round "6.29"]
[White "Berardo,Tomas"]
[Black "Bourgeois,W"]
[Result "0-1"]
[WhiteElo "1676"]
[BlackElo "1940"]

1.e4 g6 2.d4 Bg7 3.Nc3 c6 4.Nf3 d5 5.h3 dxe4 6.Nxe4 Nh6 7.c3 O-O 8.Bc4 Nd7
9.O-O Nb6 10.Bb3 Nd5 11.Ng3 Nf5 12.Ne2 a5 13.Nf4 e6 14.Bc2 Qd6 15.g3 f6 16.Bb3 b5
17.a4 Nfe7 18.axb5 cxb5 19.c4 bxc4 20.Bxc4 Qc6 21.b3 Bb7 22.Nxd5 Nxd5 23.Qe2 Nc7
24.Bf4 Kh8 25.Bxc7 Qxc7 26.Nd2 f5 27.Rac1 Qc6 28.f3 Bxd4+ 29.Kg2 e5 30.Bd3 Qd6
31.Nc4 Qe7 32.Rfe1 e4 33.Kh2 Qg7 34.Nd6 exd3 35.Qxd3 Rad8 36.Qc4 Rxd6 37.Red1 Rfd8  0-1

[Event "TCh-FIN SM 2012-13"]
[Site "Joensuu FIN"]
[Date "2012.10.28"]
[Round "5.4"]
[White "Ronka,E"]
[Black "Vinke,D"]
[Result "1/2-1/2"]
[WhiteElo "2084"]
[BlackElo "2201"]

1.d4 g6 2.e4 Bg7 3.Nc3 c6 4.f4 d5 5.e5 h5 6.Be3 Nh6 7.Nf3 Bg4 8.h3 Bxf3 9.Qxf3 e6
10.g3 Nd7 11.Bd3 Nf5 12.Bf2 Qb6 13.O-O-O Nxd4 14.Bxd4 Qxd4 15.Bxg6 Qb4 16.Bxh5 Nb6
17.a3 Qe7 18.Bg4 O-O-O 19.Rhe1  1/2-1/2

[Event "TCh-SVK Extraliga 2012-13"]
[Site "Slovakia SVK"]
[Date "2012.10.28"]
[Round "2.2"]
[White "Gazik,I"]
[Black "Betko,L"]
[Result "1-0"]
[WhiteElo "2314"]
[BlackElo "2237"]

1.e4 c6 2.d4 g6 3.Nc3 Bg7 4.Be3 d6 5.Qd2 Nd7 6.f3 e5 7.g4 Qh4+ 8.Bf2 Qe7
9.O-O-O Ngf6 10.h4 h5 11.g5 Nh7 12.f4 f6 13.f5 fxg5 14.fxg6 Nhf6 15.Nf3 Ng4
16.Nxg5 Qf6 17.Bg1 Qxg6 18.Bc4 Rf8 19.Kb1 Bh6 20.Be2 Ke7 21.Bxg4 hxg4 22.Be3 exd4
23.Qxd4 Qf6 24.e5 Qxe5 25.Qd2 Bxg5 26.hxg5 Nc5 27.Bd4 Qg3 28.Rh7+ Ke8  1-0

[Event "16th OIBM 2012"]
[Site "Bad Wiessee GER"]
[Date "2012.10.29"]
[Round "3.19"]
[White "Astengo,C"]
[Black "Gutman,L"]
[Result "1/2-1/2"]
[WhiteElo "2119"]
[BlackElo "2466"]

1.e4 g6 2.d4 Bg7 3.Nc3 c6 4.Nf3 Nf6 5.h3 O-O 6.Bd3 a5 7.Be3 a4 8.a3 d5 9.e5 Nfd7
10.O-O c5 11.Nxd5 cxd4 12.Bxd4 Nc6 13.Bc3 Ndxe5 14.Nxe5 Nxe5 15.Be2 Be6 16.Nf4 Bf5
17.Nd5 Be4 18.Ne3 Qc7 19.Bb5 Qc5 20.Qe2 Bc6 21.Bxc6 Nxc6 22.Bxg7 Kxg7 23.c3 Ra5
24.Rfd1 Qb5 25.Qc2 Qg5 26.Rd7 Rb5 27.Rad1 Rb3 28.R7d5 Qf6 29.R1d2 e6 30.Rd7 Qf4
31.Qd3 Ne5 32.Qd4 g5 33.Nc4 Qxd4 34.R2xd4 Nc6 35.Rd2 Kg6 36.Rc7 Kf6 37.Rdd7 Nb8
38.Rd2 Na6 39.Rcd7 Nc5 40.Rc7 Na6 41.Rcd7 Nc5 42.Rc7 Na6  1/2-1/2

[Event "16th OIBM 2012"]
[Site "Bad Wiessee GER"]
[Date "2012.10.30"]
[Round "4.21"]
[White "Gypser,A"]
[Black "Chatalbashev,B"]
[Result "0-1"]
[WhiteElo "2162"]
[BlackElo "2535"]

1.e4 g6 2.d4 Bg7 3.Nc3 c6 4.Bc4 d6 5.Qf3 e6 6.Nge2 b5 7.Bb3 a5 8.a4 b4 9.Nb1 Nd7
10.Bf4 Qe7 11.Nd2 e5 12.Bg5 Ngf6 13.Nc4 O-O 14.Rd1 exd4 15.Rxd4 h6 16.Bxf6 Nxf6
17.Rxd6 Nxe4 18.Rd1 Re8 19.O-O Ng5 20.Qe3 Bg4 21.Nf4 Qf6 22.Qc1 Bxd1 23.Rxd1 Re4
24.Nd3 Rae8 25.Ne3 h5 26.Qd2 Bh6 27.Nc5 Rxe3 28.fxe3 Nh3+  0-1

[Event "16th OIBM 2012"]
[Site "Bad Wiessee GER"]
[Date "2012.10.31"]
[Round "5.17"]
[White "Sokolov,And1"]
[Black "Schatz,C"]
[Result "1-0"]
[WhiteElo "2575"]
[BlackElo "2215"]

1.e4 g6 2.d4 Bg7 3.Nc3 c6 4.h3 d6 5.Be3 Nd7 6.Nf3 b5 7.a4 b4 8.Ne2 Ba6 9.Ng3 Bxf1
10.Nxf1 Ngf6 11.Ng3 Qa5 12.O-O O-O 13.Qd2 e5 14.Bh6 Bxh6 15.Qxh6 exd4 16.Nxd4 Qc5
17.Rad1 Kh8 18.Nf3 Rad8 19.Ng5 Kg8 20.Rd3 Rfe8 21.Nf5 gxf5 22.Rg3 Qe5 23.f4 Qc5+
24.Kh1 Qg1+  1-0

[Event "Vizag GM Open 2012"]
[Site "Visakhapatnam IND"]
[Date "2012.10.31"]
[Round "8.5"]
[White "Kravtsiv,M"]
[Black "Rahman,Zia"]
[Result "1-0"]
[WhiteElo "2592"]
[BlackElo "2502"]

1.e4 g6 2.d4 Bg7 3.Nc3 c6 4.f4 d5 5.e5 Nh6 6.Be2 O-O 7.g4 f6 8.Bf3 fxe5 9.dxe5 Na6
10.Qe2 Nc7 11.Be3 Qd7 12.g5 Nf5 13.O-O-O Nh4 14.Qf2 Nxf3 15.Nxf3 Ne6 16.Qg3 Bh8
17.Ng1 Ng7 18.Nge2 Nh5 19.Qg2 Qh3 20.Qxh3 Bxh3 21.Rhg1 Bg7 22.Rde1 b6 23.Bd2 e6
24.Nd1 Rf7 25.Nf2 Bf5 26.Ng3 Bf8 27.Rgf1 Bc5 28.Nxf5 exf5 29.Nh1 Ng7 30.Ng3 Ne6
31.h4 a5 32.h5 d4 33.Rh1 Rg7 34.hxg6 hxg6 35.Rh6 Kf7 36.Reh1 Bb4 37.Ne2 Rd8
38.Bxb4 axb4 39.Rh8 Nf8 40.R1h3 c5 41.a3 bxa3 42.Rxa3 Ke6 43.c4 Rb7 44.Kd2 Kd7
45.b4 Kc7 46.b5 Kb8 47.Nc1 Rbd7 48.Nd3 Ne6 49.Rh6 Rg8 50.Ra1 Ra7 51.Rxa7 Kxa7
52.Rh7+ Rg7 53.Rh8 Kb7 54.Re8 Nc7 55.Rh8 Ne6 56.Re8 Nc7 57.Rf8 Rh7 58.Rf6 Rh2+
59.Kc1 Rh1+ 60.Kc2 Rh2+ 61.Kd1 Rh1+ 62.Ke2 Rh2+ 63.Ke1 Rh1+ 64.Kd2 Rh2+ 65.Kd1 Rh1+
66.Ne1 Rf1 67.Rxg6 Rxf4 68.Rf6 d3 69.g6 Rxc4 70.g7 Rg4 71.Rf7 c4 72.Kd2 f4
73.e6 f3 74.Nxf3 Rg2+ 75.Kc3 Rc2+ 76.Kb4 d2 77.Nxd2 c3 78.Nc4 Rg2 79.Nd6+  1-0

[Event "Vizag GM Open 2012"]
[Site "Visakhapatnam IND"]
[Date "2012.11.01"]
[Round "9.14"]
[White "Deepak,Ka"]
[Black "Lalith,B"]
[Result "0-1"]
[WhiteElo "2241"]
[BlackElo "2540"]

1.e4 g6 2.d4 Bg7 3.Nc3 c6 4.Nf3 d6 5.Be3 Nf6 6.Qd2 Bg4 7.Be2 Nbd7 8.h3 Bxf3
9.Bxf3 e6 10.O-O O-O 11.Bh6 Re8 12.Bxg7 Kxg7 13.a4 Qc7 14.Be2 e5 15.f4 Rad8
16.Kh1 Qb6 17.dxe5 dxe5 18.f5 Nc5 19.Qg5 h6 20.Qg3 Ncxe4 21.Nxe4 Nxe4 22.Qh4 Ng5
23.c3 Qxb2 24.Qc4 gxf5 25.Rab1 Qd2 26.Rxb7 Rd7 27.Rbb1 Qc2 28.Qxc6 Ree7 29.Bh5 Ne4
30.Kh2 Rd2 31.Bf3 Ng5 32.h4 Re6 33.Qb7 Nxf3+ 34.Qxf3 Rg6 35.Rg1 Rg4 36.Rb4 e4
37.Qh3 Rd3  0-1

[Event "TCh-AUT 2012-13"]
[Site "Hohenems AUT"]
[Date "2012.11.04"]
[Round "3.2"]
[White "Kraemer,Mart"]
[Black "Rotstein,A"]
[Result "1-0"]
[WhiteElo "2520"]
[BlackElo "2506"]

1.e4 g6 2.d4 Bg7 3.Nc3 c6 4.f4 d5 5.e5 Nh6 6.Nf3 O-O 7.Be2 f6 8.O-O Bg4 9.h3 Bxf3
10.Rxf3 e6 11.Na4 Nd7 12.b4 fxe5 13.fxe5 Rxf3 14.Bxf3 Nf5 15.c3 Qh4 16.Bg4 Rf8
17.Bd2 b6 18.Qe1 Qe7 19.Rb1 h5 20.Bxf5 Rxf5 21.Qe2 Qh4 22.Be1 Qf4 23.Bd2 Qh4
24.Be1 Qf4 25.Nb2 Bh6 26.Nd3 Qe3+ 27.Qxe3 Bxe3+ 28.Bf2 Bd2 29.Be1 Be3+ 30.Bf2 Bd2
31.Rb3 Rf7 32.Kf1 Bh6 33.Ke2 Nf8 34.a4 Nh7 35.b5 cxb5 36.axb5 Bf8 37.Be3 Rc7
38.Kd2 Be7 39.Rb1 Bg5 40.Bf4 Bxf4+ 41.Nxf4 Ng5 42.Kd3 Ne4 43.Rc1 Kf7 44.c4 Ng3
45.c5 bxc5 46.dxc5 g5 47.Ne2 Nxe2 48.Kxe2 Ke8 49.c6 Kd8 50.Kd3 Rf7 51.Ra1 Rf2
52.Rxa7 Rb2 53.Rb7 Kc8 54.Kc3 Rb1 55.Kd4 Rc1 56.Re7 Rc4+ 57.Kd3 Rb4 58.Rxe6 Rxb5
59.Rg6 Kc7 60.Rxg5 Kxc6 61.Rxh5 Kc5 62.e6 Rb3+ 63.Ke2 Kd6 64.e7 Rb8 65.Rh7 Ke6
66.g4 Kf6 67.h4 Kg6 68.Rh5 Kf6 69.Rxd5 Kxe7 70.Rf5 Rb3 71.Kf2 Ke6 72.Rf3 Rb1
73.h5 Rh1 74.Kg2 Rh4 75.Kg3 Rh1 76.Rf5  1-0

[Event "TCh-HUN 2012-13"]
[Site "Mako HUN"]
[Date "2012.11.04"]
[Round "3"]
[White "Papp,T1"]
[Black "Balla,Ta"]
[Result "0-1"]
[WhiteElo "2297"]
[BlackElo "2381"]

1.e4 g6 2.d4 Bg7 3.Nc3 c6 4.Nf3 d6 5.Be3 Nf6 6.Qd2 b5 7.Bd3 O-O 8.a4 b4 9.Ne2 a5
10.Bh6 Qc7 11.Bxg7 Kxg7 12.Ng3 c5 13.c3 e5 14.dxe5 dxe5 15.Qg5 c4 16.Be2 Re8
17.Nd2 h6 18.Qe3 Be6 19.O-O b3 20.f4 exf4 21.Qxf4 Qc5+ 22.Kh1 Nbd7 23.e5 Qxe5
24.Bxc4 Qxf4 25.Rxf4 Nc5 26.Raf1 Nd5 27.Bxd5 Bxd5 28.c4 Be6 29.Nge4 Nxa4
30.Nd6 Red8 31.Rd4 Nxb2 32.Nxb3 Nxc4 33.Rxc4 Rxd6 34.Rc3 a4 35.Nc5 a3 36.Nxe6+ Rxe6
37.Ra1 a2 38.h3 Re2 39.Rc7 Rb2 40.Rcc1 Rab8 41.Rg1 R8b3 42.Kh2 Rc2 43.h4 Rf2
44.Rge1 Rbb2 45.Rg1 Kf6 46.Kg3 Ke5 47.Rge1+ Rfe2 48.Rg1 f5 49.Kf3 f4 50.Rge1 Rxe1
51.Rxe1+ Kf5  0-1

[Event "38th ch-BAN 2012"]
[Site "Dhaka BAN"]
[Date "2012.11.10"]
[Round "3.7"]
[White "Abu Sufian,S"]
[Black "Rahman,Zia"]
[Result "1/2-1/2"]
[WhiteElo "2374"]
[BlackElo "2525"]

1.e4 g6 2.d4 Bg7 3.Nc3 c6 4.Nf3 d6 5.Be3 Nd7 6.Qd2 b5 7.Bd3 Bb7 8.a4 b4 9.Ne2 a5
10.Ng3 Qc8 11.c3 bxc3 12.bxc3 Ba6 13.O-O Bxd3 14.Qxd3 Ngf6 15.e5 dxe5 16.Nxe5 O-O
17.f4 Nd5 18.Ne4 Nxe5 19.fxe5 Nxe3 20.Qxe3 f6 21.Nc5 fxe5 22.Rxf8+ Qxf8 23.Rf1 Qc8
24.dxe5 Qg4 25.Qd4 Qe2 26.Nd3 Kh8 27.h3 e6 28.Rf7 Rg8 29.Qd7 Qd1+ 30.Kh2 h5
31.Rf3 Qxa4 32.Qxe6 Qe4  1/2-1/2

[Event "Brno Open 2012"]
[Site "Brno CZE"]
[Date "2012.11.11"]
[Round "2"]
[White "Tsenov,Tsvetoslav"]
[Black "Potapov,Alexa1"]
[Result "0-1"]
[WhiteElo "2118"]
[BlackElo "2379"]

1.e4 g6 2.d4 Bg7 3.Nc3 c6 4.Nf3 d5 5.h3 dxe4 6.Nxe4 Nf6 7.Nxf6+ Bxf6 8.Bc4 Nd7
9.O-O Nb6 10.Bb3 a5 11.a3 a4 12.Ba2 O-O 13.Bh6 Re8 14.Qd2 c5 15.c3 cxd4 16.cxd4 Nd5
17.Ne5 Be6 18.Rac1 Nc7 19.Bb1 Bd5 20.Ng4 Bh8 21.Bf4 Ne6 22.Be5 f6 23.Bg3 Bb3
24.d5 Qxd5 25.Qb4 f5 26.Nh6+ Kf8 27.Rc3 Bg7 28.Rd3 Qc4 29.Qd2 Rac8 30.Bh2 Qh4
31.Nxf5 gxf5 32.Rf3 Nd4 33.Rf4 Qf6 34.Bxf5 Nxf5 35.Qd3 Bc2 36.Qf3 e5  0-1

[Event "WY BU16 2012"]
[Site "Maribor SLO"]
[Date "2012.11.11"]
[Round "4.24"]
[White "Markoja,S"]
[Black "Marjanovic,Dej"]
[Result "1/2-1/2"]
[WhiteElo "2048"]
[BlackElo "2233"]

1.e4 g6 2.d4 Bg7 3.Nc3 c6 4.Be3 d5 5.e5 f6 6.exf6 Nxf6 7.h3 O-O 8.Nf3 Re8
9.Ne5 Nfd7 10.f4 e6 11.Nxd7 Nxd7 12.Qd2 b5 13.a3 a5 14.Be2 Ba6 15.b4 Bb7
16.O-O axb4 17.axb4 Qe7 18.Rxa8 Rxa8 19.Rb1 Nb6 20.Nd1 Bc8 21.c3 Ra3 22.Qe1 Na4
23.Kh1 Bf6 24.Bf2 Ra2 25.Bd3 Bd7 26.Ne3 Nxc3 27.Rb3 Na4 28.Ng4 Rb2 29.Rxb2 Nxb2
30.Bxg6 hxg6 31.Qb1 Nc4 32.Qxg6+ Bg7 33.Nh6+  1/2-1/2

[Event "WY BU16 2012"]
[Site "Maribor SLO"]
[Date "2012.11.12"]
[Round "6.14"]
[White "Georgiadis,N"]
[Black "Nuri,M"]
[Result "1/2-1/2"]
[WhiteElo "2388"]
[BlackElo "2145"]

1.e4 g6 2.d4 Bg7 3.Nc3 c6 4.Nf3 d6 5.h3 Nf6 6.a4 a5 7.Bd3 O-O 8.O-O Na6 9.Qe2 Nb4
10.Bc4 d5 11.exd5 cxd5 12.Bb3 Bf5 13.Re1 Re8 14.Bf4 Rc8 15.Rac1 Qb6 16.Nb5 Nc6
17.c3 Qd8 18.g4 Be6 19.Bc2 Ne4 20.Ng5 Nxg5 21.Bxg5 Qb6 22.Qf3 Bf8 23.h4 Bd7
24.h5 e5 25.hxg6 hxg6 26.Bb3 e4 27.Qg3 Be6 28.Bf6 Nb8 29.g5 Nd7 30.f3 Nxf6
31.gxf6 Qd8 32.Bc2 Bf5 33.Qf4 Qxf6 34.fxe4 dxe4 35.Bxe4 Rxe4 36.Rxe4 Bh6
37.Qxh6 Bxe4 38.Rf1 Qe6 39.Qf4 Bd5 40.Qg3 Qe2 41.Nd6 Rc6 42.Nf5 Re6 43.Nh6+ Kg7
44.Nf5+ Kh7 45.Qh3+ Qh5 46.Qxh5+ gxh5 47.Nh4 Re4 48.Rf5 Rg4+ 49.Kf2 Be6 50.Rxh5+ Kg7
51.b3 Rf4+ 52.Kg3 Re4 53.d5 Bd7 54.Ng2 Re2 55.d6 Rd2 56.Nf4 Rxd6 57.Rxa5 Rb6
58.b4 Ra6 59.Rxa6 bxa6 60.a5 Kf8 61.Kf3 Ke8 62.Ke3 Bb5  1/2-1/2

[Event "Brno Open 2012"]
[Site "Brno CZE"]
[Date "2012.11.14"]
[Round "6"]
[White "Richterova,Natasa"]
[Black "Latas,B"]
[Result "1/2-1/2"]
[WhiteElo "1945"]
[BlackElo "2276"]

1.e4 g6 2.d4 Bg7 3.Nc3 c6 4.Nf3 d6 5.h3 Nf6 6.a4 O-O 7.Be2 d5 8.e5 Ne4 9.O-O c5
10.dxc5 Nxc3 11.bxc3 Nc6 12.Bf4 Qa5 13.Qxd5 Be6 14.Qd3 Qxc5 15.Nd4 Rad8 16.Nxe6 fxe6
17.Qe3 Qxe3 18.Bxe3 Bxe5 19.Bc4 Bxc3 20.Bxe6+ Kg7 21.Ra3 Bd4 22.c4 Rf6 23.Bd5 Bxe3
24.Rxe3 Kf8 25.Rfe1 Rd7 26.Re6 Rxe6 27.Rxe6 Nd8 28.Re3 Rd6 29.Rb3 b6 30.a5 Ke8
31.axb6 axb6 32.Rb5 Kd7 33.Kf1 Kc7 34.Bg8 h6  1/2-1/2

[Event "WY GU16 2012"]
[Site "Maribor SLO"]
[Date "2012.11.14"]
[Round "7.10"]
[White "Skuhala,B"]
[Black "Imnadze,N"]
[Result "0-1"]
[WhiteElo "1853"]
[BlackElo "2070"]

1.e4 g6 2.d4 Bg7 3.Nc3 c6 4.Be2 d5 5.exd5 cxd5 6.Bf4 Nf6 7.Nf3 Bf5 8.O-O O-O
9.Nh4 Be6 10.Nf3 Nc6 11.Qc1 Re8 12.Rd1 Rc8 13.Ne5 Qa5 14.a3 Nxe5 15.dxe5 Ne4
16.Nb5 a6 17.Nd4 Qb6 18.h3 Bd7 19.Be3 Qc7 20.f4 e6 21.Bf3 Bc6 22.c3 Ba4 23.Re1 Nc5
24.Qd2 Bb3 25.Kh2 Bc4 26.Rg1 Nb3 27.Nxb3 Bxb3 28.Qd4 Qd7 29.Qd2 Qb5 30.Bd4 Qa5
31.Qf2 Qc7 32.Bb6 Qd7 33.Bd4 Rc6 34.Be2 b5 35.Bd3 Qc7 36.Rae1 Rb8 37.Qe2 Re8
38.Qf2 Qb8 39.Qf1 Bc4 40.b4 Bxd3 41.Qxd3 Qb7 42.Ra1 Ra8 43.a4 Rc4 44.g3 Bf8
45.Rgc1 Be7 46.Qd1 a5 47.bxa5 Rxa5 48.axb5 Rxa1 49.Rxa1 Qxb5 50.Qb1 Qxb1
51.Rxb1 Bc5 52.Bxc5 Rxc5 53.Rb3 Kg7 54.Kg2 Rc7 55.Kf3 g5 56.h4 gxh4 57.gxh4 Kg6
58.Kg4 h5+ 59.Kg3 Kf5 60.Ra3 Rc4 61.Ra7 Rxc3+ 62.Kf2 Kxf4 63.Rxf7+ Kxe5 64.Rh7 d4
65.Rxh5+ Ke4 66.Rg5 e5 67.Rg8 Rh3 68.Rh8 d3 69.Kg2 Re3 70.Rd8 Re2+ 71.Kf1 Ke3  0-1